[Event "4NCL/Div3/OXF1 vs. WES2"]
[Site "Telford ENG"]
[Date "2004.11.07"]
[Round "2.1"]
[White "Bilalic, Merim"]
[Black "Hopkins, Jamie R"]
[Result "1/2-1/2"]
[WhiteElo "2302"]
[BlackElo "2152"]
[PlyCount "105"]
[EventDate "2004.11.07"]
[SourceDate "2004.09.21"]

1. e4 c5 2. Nc3 Nc6 3. g3 g6 4. Bg2 Bg7 5. d3 d6 6. f4 e6 7. Nf3 Nge7 8. O-O
O-O 9. Be3 b6 10. d4 Ba6 11. Rf2 Qc7 12. a4 Rad8 13. Nb5 Bxb5 14. axb5 Nxd4 15.
Nxd4 cxd4 16. Bxd4 e5 17. Be3 exf4 18. Bxf4 Bxb2 19. Bh6 Bg7 20. Bxg7 Kxg7 21.
Qd4+ Kg8 {=} 22. Qa4 Nc8 23. Bh3 Rde8 24. Bxc8 Rxc8 25. Qxa7 Qxa7 26. Rxa7 Rc5
{=} 27. Rd7 Rxb5 28. Rxd6 Rb1+ 29. Kg2 Rb2 30. Rd7 f6 31. c4 Rxf2+ 32. Kxf2 Rc8
33. Rd4 Rc5 34. Ke3 b5 {=} 35. Kd3 bxc4+ 36. Rxc4 Rxc4 37. Kxc4 Kf7 38. Kd5 Ke7
39. e5 fxe5 40. Kxe5 Kf7 41. g4 g5 42. Kf5 h6 43. Ke5 Ke7 44. h3 Kf7 45. Kf5
Kg7 46. Ke6 Kg6 47. Ke7 Kg7 48. Ke6 Kg6 49. Kd5 Kf7 50. Kd4 Kf6 51. Kd5 Kf7 52.
Kd4 Kf6 53. Kd5 1/2-1/2

[Event "4NCL/Div3/OXF1 vs. WES2"]
[Site "Telford ENG"]
[Date "2004.11.07"]
[Round "2.2"]
[White "Pleasants, Allan J"]
[Black "Ozeren, Kemal"]
[Result "1/2-1/2"]
[WhiteElo "2065"]
[BlackElo "2292"]
[PlyCount "81"]
[EventDate "2004.11.07"]
[SourceDate "2004.09.21"]

1. d4 d5 2. e4 c6 3. Nc3 dxe4 4. Nxe4 Bf5 5. Ng3 Bg6 6. Nf3 Nd7 7. Bd3 Bxd3 8.
Qxd3 Ngf6 9. O-O e6 10. Re1 Be7 11. Bd2 O-O 12. Rad1 Qc7 13. c4 Rfd8 14. Qe2 b5
15. b3 bxc4 16. bxc4 Rab8 17. Bc3 Bb4 18. Rd3 Qa5 19. Bxb4 Rxb4 20. Rc1 Rdb8
21. Qd2 Qc7 22. Rdc3 {=} Rb2 23. R3c2 Qb6 24. h3 h6 25. Ne5 Rxc2 26. Rxc2 Nxe5
27. dxe5 Nd7 28. c5 Nxc5 29. Qd6 Qb1+ 30. Nf1 Ne4 31. Qxc6 Qe1 32. Qc4 Rb1 33.
Qd3 Rd1 34. Qe2 Qxe2 35. Rxe2 Nc3 36. Rc2 Nb5 37. g3 Ra1 38. Kg2 Nd4 39. Rb2
Nc6 40. f4 a5 41. Ne3 1/2-1/2

[Event "4NCL/Div3/OXF1 vs. WES2"]
[Site "Telford ENG"]
[Date "2004.11.07"]
[Round "2.3"]
[White "Coleman, James"]
[Black "Tunks, Dominic"]
[Result "1-0"]
[WhiteElo "2224"]
[BlackElo "2135"]
[PlyCount "71"]
[EventDate "2004.11.07"]
[SourceDate "2004.09.21"]

1. e4 c5 2. a3 Nc6 3. b4 cxb4 4. axb4 Nxb4 5. d4 d6 6. d5 Nf6 7. c3 Na6 8. Be3
g6 9. Nd2 Bg7 10. Bb5+ Nd7 11. Ne2 O-O 12. Bxa6 bxa6 13. O-O Qc7 14. Nb3 Ne5
15. Bd4 f5 16. f4 Nc4 17. Bxg7 Kxg7 18. exf5 Rxf5 19. Qd4+ Kg8 20. Ng3 Rf7 21.
Ra4 Nb6 22. Rb4 Bd7 23. Ra1 Bb5 24. f5 gxf5 25. Nxf5 Rf6 26. Re1 Re8 27. Re3 e5
28. dxe6 Rexe6 29. Rxe6 Rxe6 30. Qg4+ Rg6 31. Qd4 Qf7 32. Qe4 Qd5 33. Ne7+ Kf7
34. Nxd5 Bc6 35. Qf4+ Kg7 36. Nxb6 1-0

[Event "4NCL/Div3/OXF1 vs. WES2"]
[Site "Telford ENG"]
[Date "2004.11.07"]
[Round "2.4"]
[White "Ferrington, Nigel M"]
[Black "Savage, Ben D"]
[Result "1/2-1/2"]
[WhiteElo "2125"]
[BlackElo "2300"]
[PlyCount "134"]
[EventDate "2004.11.07"]
[SourceDate "2004.09.21"]

1. e4 c5 2. Nf3 Nc6 3. d4 cxd4 4. Nxd4 Nf6 5. Nc3 e5 6. Ndb5 d6 7. Nd5 Nxd5 8.
exd5 Nb8 9. c4 Be7 10. Bd3 O-O 11. O-O a6 12. Nc3 f5 13. f3 Bg5 14. Qc2 Bxc1
15. Raxc1 Qg5 16. Kh1 Rf6 17. f4 exf4 18. Qd2 Nd7 19. Qxf4 Qxf4 20. Rxf4 Ne5
21. Bf1 Bd7 22. Rd4 Rc8 23. Nb1 b5 24. Nd2 bxc4 25. Nxc4 Bb5 26. b3 Rf7 27. h3
Rfc7 28. Rb1 Nxc4 29. bxc4 Bxc4 30. Bxc4 Rxc4 31. Rxc4 Rxc4 32. Rb6 Ra4 33.
Rxd6 Kf7 34. Rd7+ Kf6 35. Ra7 Rxa2 36. d6 a5 37. d7 Rd2 38. Rxa5 Rxd7 39. Kg1
Kg5 40. Kf2 h5 41. Ra2 Rd4 42. Ra7 g6 43. Ra6 Rb4 44. Rc6 Rf4+ 45. Kg1 h4 46.
Rc8 Rb4 47. Rc6 Rb2 48. Ra6 Kh5 49. Ra8 Rb5 50. Rh8+ Kg5 51. Ra8 Re5 52. Kf2
Kf4 53. Rb8 Re4 54. Rb2 Rc4 55. Ra2 g5 56. Rb2 Ke4 57. Re2+ Kd3 58. Re8 g4 59.
hxg4 fxg4 60. Rd8+ Rd4 61. Rf8 Kd2 62. Rf7 g3+ 63. Kf3 Ke1 64. Ra7 Rd3+ 65. Kg4
Kf2 66. Ra2+ Kg1 67. Kh3 Rd4 1/2-1/2

[Event "4NCL/Div3/OXF1 vs. WES2"]
[Site "Telford ENG"]
[Date "2004.11.07"]
[Round "2.5"]
[White "Hackett, David G"]
[Black "Gregory, Keith D"]
[Result "1-0"]
[WhiteElo "2167"]
[BlackElo "2087"]
[PlyCount "79"]
[EventDate "2004.11.07"]
[SourceDate "2004.09.21"]

1. e4 d6 2. d4 g6 3. Nf3 Bg7 4. Be2 Nf6 5. Nc3 O-O 6. O-O c6 7. h3 b5 8. a3 Bb7
9. Ne1 a6 10. Nd3 Ne8 11. Be3 Nd7 12. f4 Rc8 13. Bg4 Nef6 14. Bf3 Nb6 15. Bf2
Nfd7 16. e5 Qc7 17. Qe2 Rce8 18. Ne4 h6 19. g4 Nd5 20. Ng3 Nxf4 21. Nxf4 dxe5
22. Nd3 exd4 23. b4 e5 24. Be4 Nf6 25. Nc5 Nxe4 26. Qxe4 Bc8 27. Be1 h5 28. g5
Bxh3 29. Rf2 Qe7 30. Qh4 Bf5 31. Nxf5 gxf5 32. Qxh5 Rd8 33. Rh2 Rfe8 34. Bh4
Rd6 35. Rf1 Rg6 36. Rxf5 e4 37. Bg3 e3 38. Qh7+ Kf8 39. Qxg6 e2 40. Rxe2 1-0

[Event "4NCL/Div3/OXF1 vs. WES2"]
[Site "Telford ENG"]
[Date "2004.11.07"]
[Round "2.6"]
[White "Marsh, Roger"]
[Black "Shaw, David A"]
[Result "1/2-1/2"]
[WhiteElo "2079"]
[BlackElo "2197"]
[PlyCount "82"]
[EventDate "2004.11.07"]
[SourceDate "2004.09.21"]

1. d4 e6 2. c4 d5 3. cxd5 exd5 4. Nc3 Nf6 5. Bg5 Nbd7 6. e3 c6 7. Bd3 Be7 8.
Qc2 O-O 9. Nge2 Re8 10. O-O Nf8 11. Rab1 Ng6 12. b4 Ne4 13. Bxe7 Qxe7 14. b5
Nh4 15. Ng3 Ng5 16. Nf5 Bxf5 17. Bxf5 Ngf3+ 18. Kh1 Nxf5 19. gxf3 Qg5 20. Rg1
Qh5 21. Qd1 Nh4 22. Rg3 Re6 23. f4 Qxd1+ 24. Rxd1 a6 25. Rg4 Nf5 26. bxc6 Rxc6
27. Nxd5 Rc2 28. e4 Nd6 29. f3 f5 30. Rg2 Rxg2 31. Kxg2 fxe4 32. fxe4 Nxe4 33.
Re1 {=} Nd6 34. Nb6 Rf8 35. Re6 Nf5 36. d5 Rd8 37. Re2 Rd6 38. Rb2 Ne3+ 39. Kf3
Nxd5 40. Nxd5 Rxd5 41. Rxb7 Ra5 1/2-1/2

[Event "4NCL/Div3/OXF1 vs. WES2"]
[Site "Telford ENG"]
[Date "2004.11.07"]
[Round "2.7"]
[White "Rawlinson, Aidan"]
[Black "Pym, Thomas W"]
[Result "1/2-1/2"]
[WhiteElo "2175"]
[BlackElo "2054"]
[PlyCount "85"]
[EventDate "2004.11.07"]
[SourceDate "2004.09.21"]

1. e4 c5 2. Nf3 d6 3. d4 cxd4 4. Nxd4 Nf6 5. Nc3 g6 6. Be3 Bg7 7. f3 O-O 8. Qd2
Nc6 9. O-O-O d5 10. Kb1 Nxd4 11. e5 Nf5 12. exf6 Bxf6 13. Nxd5 Qxd5 14. Qxd5
Nxe3 15. Qd2 Nxd1 16. Qxd1 Be6 17. Bd3 Rfd8 18. Qe1 Rd6 19. Qa5 Rd5 20. Qb4 a5
21. Qxb7 Rdd8 22. Qe4 Rab8 23. b3 Rd4 24. Qe2 a4 25. Rd1 axb3 26. cxb3 Ra4 27.
Rc1 Bxb3 28. axb3 Rxb3+ 29. Kc2 Rb2+ 30. Kd1 Rxe2 31. Kxe2 h5 32. g3 g5 33.
Rc8+ Kg7 34. Rc2 Be5 35. Kf2 h4 36. Kg2 g4 37. fxg4 Rxg4 38. Rc4 Rxc4 39. Bxc4
f5 40. gxh4 Bf4 41. h5 e5 42. Kf3 Bh6 43. Bd3 1/2-1/2

[Event "4NCL/Div3/OXF1 vs. WES2"]
[Site "Telford ENG"]
[Date "2004.11.07"]
[Round "2.8"]
[White "Dams, Robert MW"]
[Black "Milasiute, Vygante"]
[Result "0-1"]
[WhiteElo "1870"]
[BlackElo "2061"]
[PlyCount "144"]
[EventDate "2004.11.07"]
[SourceDate "2004.09.21"]

1. e4 c5 2. Nf3 e6 3. d4 cxd4 4. Nxd4 Nc6 5. Be3 Nf6 6. Nc3 Bb4 7. Bd3 Qa5 8.
Qd2 O-O 9. O-O Nxd4 10. Bxd4 e5 11. Be3 Bxc3 12. bxc3 d5 13. exd5 Qxd5 14. Qe2
Bg4 15. f3 Be6 16. Rfd1 Qa5 17. Bc4 Bxc4 18. Qxc4 Rfc8 19. Qh4 Qxc3 20. Bg5
Qc5+ 21. Kh1 Nd5 22. Qg4 Kh8 23. Rd2 f6 24. Rad1 Nc3 25. Bxf6 Qf8 26. Rd7 Qxf6
27. R1d6 Qf8 28. Rxb7 Rab8 29. Rdd7 Rxb7 30. Rxb7 Rd8 31. Rd7 Rb8 32. h3 a5 33.
Ra7 Nd1 34. Qg3 Rb1 35. Kh2 Rb5 36. Qe1 Nb2 37. Rxa5 Rxa5 38. Qxa5 Qf4+ 39. g3
Qf8 40. Qxe5 Nc4 41. Qe4 Nd2 42. Qe2 Nxf3+ 43. Kg2 Nd4 44. Qe4 Nb5 45. Qa4 {=}
Nc3 46. Qa7 Qe8 47. a3 Qe4+ 48. Kg1 Qe1+ 49. Kg2 Qe2+ 50. Qf2 Qxf2+ 51. Kxf2
Kg8 52. Ke3 Kf7 53. Kd3 Na4 54. Kd4 Ke6 55. Kc4 Kd6 56. Kb4 Nb6 57. Kb5 Nd5 58.
c4 Nc3+ 59. Kb6 Na4+ 60. Kb5 Nc3+ 61. Kb6 Kd7 62. c5 Kc8 63. Kc6 Ne4 64. a4
Nxg3 65. a5 Ne4 66. a6 Kb8 67. Kb6 g5 68. c6 Nd6 69. c7+ Ka8 70. Kc6 Nc8 71.
Kd7 Nb6+ 72. Kd8 h5 0-1

[Event "4NCL/Div3/CAMB1 vs. SWD2"]
[Site "Telford ENG"]
[Date "2004.11.07"]
[Round "2.1"]
[White "Dearing, Eddie"]
[Black "Spice, Alan"]
[Result "1-0"]
[WhiteElo "2376"]
[BlackElo "2184"]
[PlyCount "85"]
[EventDate "2004.11.07"]
[SourceDate "2004.09.21"]

1. d4 e6 2. c4 f5 3. g3 Nf6 4. Bg2 Be7 5. Nf3 O-O 6. O-O d6 7. Nc3 Qe8 8. b3 a5
9. Bb2 Na6 10. Re1 Qh5 11. e4 fxe4 12. Nxe4 Nxe4 13. Rxe4 c6 14. Ne1 Qxd1 15.
Rxd1 a4 16. Nd3 axb3 17. axb3 Nc7 18. Bh3 Ra2 19. Re2 Bd7 20. Nb4 Ra5 21. d5
cxd5 22. Nxd5 Nxd5 23. cxd5 Rf3 24. Bxe6+ Bxe6 25. Rxe6 Bf8 26. Re3 Rxe3 27.
fxe3 Ra2 28. Bd4 Ra3 29. Rd3 b5 30. Bb2 Ra2 31. Bc3 Be7 32. Rd2 Rxd2 33. Bxd2
Bf6 34. Kg2 Kf7 35. Kf3 Be5 36. Ba5 Ke7 37. Bb6 g6 38. Ke4 Bc3 39. g4 h5 40.
gxh5 gxh5 41. Kf5 h4 42. h3 Kf7 43. Bd8 1-0

[Event "4NCL/Div3/CAMB1 vs. SWD2"]
[Site "Telford ENG"]
[Date "2004.11.07"]
[Round "2.2"]
[White "Trevelyan, John"]
[Black "Alfred, Nathan S W"]
[Result "1/2-1/2"]
[WhiteElo "2170"]
[BlackElo "2338"]
[PlyCount "59"]
[EventDate "2004.11.07"]
[SourceDate "2004.09.21"]

1. d4 Nf6 2. c4 g6 3. Nc3 Bg7 4. e4 d6 5. Nf3 O-O 6. Be2 e5 7. dxe5 dxe5 8.
Qxd8 Rxd8 9. Bg5 Nbd7 10. O-O-O Rf8 11. Nd5 Nxd5 12. cxd5 h6 13. Be3 Re8 14.
Nd2 Bf8 15. f3 a5 16. Kb1 Nc5 17. Rc1 b6 18. Bb5 Rd8 19. g4 Kg7 20. h4 Bd6 21.
h5 g5 22. Nf1 a4 {=} 23. Ng3 Ra5 24. Bc6 Ba6 25. Rc3 Bc8 26. Rhc1 Na6 27. Rc4
Nb4 28. Nf5+ Bxf5 29. gxf5 a3 30. b3 1/2-1/2

[Event "4NCL/Div3/CAMB1 vs. SWD2"]
[Site "Telford ENG"]
[Date "2004.11.07"]
[Round "2.3"]
[White "Moskovic, David M"]
[Black "Zeidler, Sven P"]
[Result "1/2-1/2"]
[WhiteElo "2289"]
[BlackElo "2182"]
[PlyCount "155"]
[EventDate "2004.11.07"]
[SourceDate "2004.09.21"]

1. e4 d5 2. exd5 Qxd5 3. Nf3 Bg4 4. Nc3 Qe6+ 5. Qe2 Qxe2+ 6. Bxe2 c6 7. d4 Bf5
8. d5 Nf6 9. Nd4 Bd7 10. Bf3 Nxd5 11. Nxd5 cxd5 12. Bxd5 Nc6 13. Nxc6 bxc6 14.
Bf3 Rb8 15. b3 e5 16. O-O Bc5 17. Re1 Bd4 18. Rb1 f6 19. Be3 Bxe3 20. Rxe3 Kf7
21. Rd1 Rhd8 22. h3 Be6 23. Rxd8 Rxd8 24. Rc3 Bd5 25. Bxd5+ cxd5 26. Rc7+ Kg6
27. Kf1 d4 28. Ke2 a5 29. a4 e4 30. Rc5 d3+ 31. Kd2 f5 32. cxd3 Rxd3+ 33. Kc2
f4 34. Re5 Rd4 35. Kc3 Rd3+ 36. Kc2 Rd4 37. Rxa5 Kf6 38. Ra8 Kf7 39. Rc8 Rd5
40. Rc4 Re5 41. g3 f3 42. b4 e3 43. Rf4+ Ke6 44. fxe3 Rxe3 45. Kd2 Ra3 46. b5
f2 47. Ke2 Rxg3 48. h4 Rb3 49. Kxf2 g6 50. Rf3 Rb4 51. Ra3 Kf6 52. Kg3 Ke7 53.
Ra1 Kd7 54. Kh3 Kc7 55. Kg3 Kb7 56. Ra2 Kc7 57. Kh3 Kb7 58. Kg3 Kc7 59. Ra3 Kb7
60. Ra1 Kc7 61. Kf3 Rxh4 62. a5 Rb4 63. Rc1+ Kb8 64. Rc5 h5 65. Re5 Kb7 66.
Re7+ Kb8 67. Re8+ Kb7 68. a6+ Ka7 69. Re7+ Ka8 70. Re5 Ka7 71. Kg3 Ka8 72. Re8+
Ka7 73. Re7+ Ka8 74. Re5 Ka7 75. Kf3 Ka8 76. Ke3 Ka7 77. Kd3 h4 78. Re7+
1/2-1/2

[Event "4NCL/Div3/CAMB1 vs. SWD2"]
[Site "Telford ENG"]
[Date "2004.11.07"]
[Round "2.4"]
[White "Powell, Lloyd"]
[Black "Garner, David"]
[Result "1-0"]
[WhiteElo "2155"]
[BlackElo "2184"]
[PlyCount "85"]
[EventDate "2004.11.07"]
[SourceDate "2004.09.21"]

1. d4 Nf6 2. c4 g6 3. Nc3 Bg7 4. e4 d6 5. Be2 O-O 6. Nf3 e5 7. O-O Nc6 8. d5
Ne7 9. Nd2 Ne8 10. b4 f5 11. c5 Kh8 12. a4 c6 13. Nc4 cxd5 14. exd5 Bd7 15. Bb2
e4 16. Qd2 Ng8 17. Nb5 Bxb5 18. Bxg7+ Kxg7 19. axb5 Ngf6 20. Rfd1 Rf7 21. b6
axb6 22. Nxb6 Rxa1 23. Rxa1 Rc7 24. Ra8 Qe7 25. Nc4 Kf7 26. g3 Qd7 27. cxd6
Rxc4 28. Bxc4 Nxd6 29. Bb3 Kg7 30. Qd4 f4 31. Bc4 f3 32. Bf1 Nf5 33. Qc5 Ne7
34. d6 Ned5 35. Qc8 Qxd6 36. Rb8 Kh6 37. Rxb7 e3 38. fxe3 f2+ 39. Kxf2 Ne4+ 40.
Kg1 Ng5 41. Qg4 Nf6 42. Qf4 Qc6 43. h4 1-0

[Event "4NCL/Div3/CAMB1 vs. SWD2"]
[Site "Telford ENG"]
[Date "2004.11.07"]
[Round "2.5"]
[White "Hodge, David J"]
[Black "May, Frank"]
[Result "1/2-1/2"]
[WhiteElo "2165"]
[BlackElo "2144"]
[PlyCount "169"]
[EventDate "2004.11.07"]
[SourceDate "2004.09.21"]

1. e4 c6 2. d3 d5 3. Nd2 e5 4. Ngf3 Nd7 5. g3 Ngf6 6. Bg2 dxe4 7. dxe4 Bc5 8.
O-O O-O 9. Qe2 Qc7 10. b3 a5 11. Bb2 b6 12. Nc4 Ba6 13. Nfd2 b5 14. Ne3 b4 15.
Nec4 Nb6 16. c3 Nfd7 17. Rfc1 Nxc4 18. Nxc4 Nb6 19. cxb4 Bxc4 20. Qh5 Bxb4 21.
bxc4 Rae8 22. Qe2 Na4 23. Qc2 {=} Nxb2 24. Qxb2 Bc5 25. Qc2 Qa7 26. Bf3 g6 27.
Kg2 Kg7 28. Rf1 Rb8 29. Rab1 Rb4 30. Rxb4 axb4 31. Rd1 Bd4 32. c5 Bc3 33. Be2
Qxc5 34. Qb3 Bd4 35. f3 Ra8 36. Qc4 Qb6 37. Rc1 c5 38. Bd1 Rf8 39. Bb3 Qa7 40.
h4 h5 41. Rd1 Qe7 42. Rh1 f5 43. Qe2 f4 44. gxf4 Rxf4 45. Qe1 Qf6 46. Rh3 Qa6
47. Qd1 Qa3 48. Qc2 Qb2 49. Qxb2 Bxb2 50. Kf2 Rf8 51. Ke3 Bd4+ 52. Ke2 Ra8 53.
Rh2 Kf6 54. Rg2 Ra7 55. Rg3 Rg7 56. Rg5 Ra7 57. Rg2 Ra8 58. Rg3 Rf8 59. Rg2 Kg7
60. Bd5 Rf4 61. Rh2 Kf6 62. Bc4 g5 63. hxg5+ Kxg5 64. Rg2+ Kf6 65. Rh2 h4 66.
Bd5 Kg5 67. Rg2+ Kf6 68. Rh2 Ke7 69. Bc4 Kd6 70. Bb3 Kc6 71. Bc4 Kb6 72. Rh1
Ka5 73. Rh3 Ka4 74. Rh1 Ka3 75. Rh2 Bb2 76. Rh1 Bc3 77. Rh2 Bd4 78. Bd5 Ka4 79.
Bc4 Ka5 80. Rh3 Kb6 81. Rh1 Kc7 82. Rh2 Kd8 83. Bd5 Ke8 84. Bc4 Kf8 85. Rg2
1/2-1/2

[Event "4NCL/Div3/CAMB1 vs. SWD2"]
[Site "Telford ENG"]
[Date "2004.11.07"]
[Round "2.6"]
[White "Brown, Alan M"]
[Black "Regan, Natasha"]
[Result "1-0"]
[WhiteElo "2139"]
[BlackElo "2208"]
[PlyCount "67"]
[EventDate "2004.11.07"]
[SourceDate "2004.09.21"]

1. d4 Nf6 2. c4 g6 3. Nc3 Bg7 4. e4 d6 5. Be2 O-O 6. Bg5 h6 7. Be3 e5 8. d5 c6
9. h3 Na6 10. Nf3 cxd5 11. cxd5 Nc5 12. Nd2 Nh7 13. O-O f5 14. Nc4 Nxe4 15.
Nxe4 fxe4 16. Qd2 g5 17. Rac1 Qf6 18. Qb4 Rd8 19. Nd2 Qg6 20. Nxe4 Nf6 21.
Nxf6+ Bxf6 22. Rc7 h5 23. g4 hxg4 24. hxg4 a5 25. Qc4 b5 26. Qb3 e4 27. Kg2 Be5
28. Rh1 Bd7 29. Rh5 Bf4 30. Bd4 Rac8 31. Rh8+ Kf7 32. Rxd7+ Rxd7 33. Rxc8 e3
34. Bd3 1-0

[Event "4NCL/Div3/CAMB1 vs. SWD2"]
[Site "Telford ENG"]
[Date "2004.11.07"]
[Round "2.7"]
[White "Pickard, Charles"]
[Black "Sully, David"]
[Result "1/2-1/2"]
[WhiteElo "2155"]
[BlackElo "2123"]
[PlyCount "29"]
[EventDate "2004.11.07"]
[SourceDate "2004.09.21"]

1. c4 e6 2. g3 d5 3. Nf3 Nf6 4. Bg2 dxc4 5. Qa4+ Nbd7 6. O-O c5 7. Qxc4 b6 8.
Nd4 Ne5 9. Nc6 Nxc4 10. Nxd8 Nd5 11. Nc3 Kxd8 12. Nxd5 Bb7 13. Nc3 Bxg2 14.
Kxg2 Be7 15. d3 1/2-1/2

[Event "4NCL/Div3/CAMB1 vs. SWD2"]
[Site "Telford ENG"]
[Date "2004.11.07"]
[Round "2.8"]
[White "Wilson, Julie"]
[Black "Churm, Rohan M"]
[Result "1/2-1/2"]
[WhiteElo "1955"]
[BlackElo "2178"]
[PlyCount "63"]
[EventDate "2004.11.07"]
[SourceDate "2004.09.21"]

1. d4 d5 2. c4 e6 3. Nf3 c6 4. Nc3 Nf6 5. e3 Nbd7 6. Bd2 a6 7. Qc2 Bd6 8. Bd3
dxc4 9. Bxc4 e5 10. O-O O-O 11. dxe5 Nxe5 12. Nxe5 Bxe5 13. f4 Bc7 14. Kh1 Ba5
15. e4 Qd4 16. Bd3 Ng4 17. Ne2 Qb6 18. Bxa5 Qxa5 19. Rf3 Be6 20. h3 Qh5 21. Kg1
Nf6 {=} 22. f5 Bd7 23. Raf1 c5 24. Qxc5 Bc6 25. Qe3 Rad8 26. Ng3 Qh4 27. Rf4
Qh6 28. Qe2 Rfe8 29. Qc2 Rd4 30. Ne2 Rd7 31. Nc3 Red8 32. R4f3 1/2-1/2

[Event "4NCL/Div3/GUI3 vs. ATH"]
[Site "Telford ENG"]
[Date "2004.11.07"]
[Round "2.1"]
[White "Thompson, Ian D"]
[Black "Fulton, Anthony R"]
[Result "1-0"]
[WhiteElo "2235"]
[BlackElo "2093"]
[PlyCount "103"]
[EventDate "2004.11.07"]
[SourceDate "2004.09.21"]

1. c4 d6 2. Nc3 e5 3. g3 f5 4. d4 e4 5. f3 exf3 6. Nxf3 Nf6 7. Bg2 Be7 8. O-O
O-O 9. b3 c6 10. Qc2 Na6 11. a3 Nc7 12. Bd2 Bd7 13. b4 d5 14. c5 Ne4 15. Bf4
Ne6 16. Be5 Qe8 17. e3 Qh5 18. Ne2 g5 19. Ne1 Rf7 20. Nd3 Raf8 21. Nc3 Qh6 22.
b5 g4 23. Bf4 Nxf4 24. exf4 Bc8 25. Ne5 Rg7 26. bxc6 bxc6 27. Nxe4 dxe4 28. Qa4
Bd8 29. Qxc6 Qxc6 30. Nxc6 Rd7 31. Rfd1 Bb7 32. Ne5 Rc7 33. Bf1 Be7 34. Rac1
Bd5 35. Bc4 Rd8 36. Kf2 Kg7 37. Ke3 Bc6 38. Nxc6 Rxc6 39. Bb5 Rh6 40. Rc2 Rb8
41. Bc4 Rc6 42. Rdd2 Rc7 43. Rb2 Rd8 44. a4 Kg6 45. a5 Bf6 46. a6 Rcd7 47. d5
Bxb2 48. Rxb2 Kf6 49. Kd4 Rc8 50. d6 Rcd8 51. Kd5 e3 52. Rb7 1-0

[Event "4NCL/Div3/GUI3 vs. ATH"]
[Site "Telford ENG"]
[Date "2004.11.07"]
[Round "2.2"]
[White "Johansson, Toni"]
[Black "Anderton, Matthew N"]
[Result "0-1"]
[WhiteElo "2123"]
[BlackElo "2233"]
[PlyCount "82"]
[EventDate "2004.11.07"]
[SourceDate "2004.09.21"]

1. e4 e6 2. d4 d5 3. e5 c5 4. c3 Nc6 5. Nf3 Bd7 6. Bd3 cxd4 7. cxd4 Qb6 8. O-O
Nxd4 9. Nxd4 Qxd4 10. Qe2 Ne7 11. Nc3 Nc6 12. Be3 Qxe5 13. f4 Qf6 14. f5 O-O-O
15. Rad1 Bd6 16. Qd2 Qh4 17. h3 Qg3 18. Ne2 Qh2+ 19. Kf2 exf5 20. Rc1 Rhe8 21.
Bxa7 Bc7 22. Rxc6 Bxc6 23. Bxf5+ Bd7 24. Bd3 Bxh3 25. Qg5 h6 26. Bf5+ Bxf5 27.
Qxf5+ Rd7 28. Rc1 Re6 29. Nf4 Qh4+ 30. g3 Qf6 31. Qd3 Rc6 32. Bd4 Qd6 33. Re1
Bb6 34. b4 Bxd4+ 35. Qxd4 Rc4 36. Qa7 Rxf4+ 37. Kg2 Re4 38. Rc1+ Rc4 39. Re1
Re7 40. Qa8+ Kc7 41. Qa5+ Kb8 0-1

[Event "4NCL/Div3/GUI3 vs. ATH"]
[Site "Telford ENG"]
[Date "2004.11.07"]
[Round "2.3"]
[White "Jackson, Adrian"]
[Black "Quinn, John M"]
[Result "1-0"]
[WhiteElo "2217"]
[BlackElo "2157"]
[PlyCount "67"]
[EventDate "2004.11.07"]
[SourceDate "2004.09.21"]

1. e4 c5 2. Nf3 Nc6 3. d4 cxd4 4. Nxd4 e6 5. Nb5 d6 6. Bf4 e5 7. Be3 a6 8. N5c3
Be6 9. Nd2 Nf6 10. Nc4 b5 11. Nb6 Rb8 12. Nbd5 Qa5 13. Nxf6+ gxf6 14. a3 Rg8
15. f3 Rc8 16. Kf2 Be7 17. Bd3 Nd4 18. Nd5 Bxd5 19. exd5 b4 20. Bxd4 exd4 21.
Bxh7 Rg5 {=} 22. h4 Rxd5 23. Be4 Re5 24. axb4 Qxb4 25. b3 Qc5 26. Bd3 a5 27.
Qd2 f5 28. h5 Re3 29. Rxa5 Qb6 30. Rxf5 Rc5 31. Rxc5 Qxc5 32. h6 Qg5 33. h7
Rxf3+ 34. Kxf3 1-0

[Event "4NCL/Div3/GUI3 vs. ATH"]
[Site "Telford ENG"]
[Date "2004.11.07"]
[Round "2.4"]
[White "Stevenson, James A B"]
[Black "Allinson, Julian"]
[Result "1/2-1/2"]
[WhiteElo "2092"]
[BlackElo "2107"]
[PlyCount "45"]
[EventDate "2004.11.07"]
[SourceDate "2004.09.21"]

1. d4 d5 2. c4 dxc4 3. Nf3 Nf6 4. e3 e6 5. Bxc4 c5 6. O-O a6 7. dxc5 Qxd1 8.
Rxd1 Bxc5 9. Nbd2 Nbd7 10. Nb3 Be7 11. Bd2 b6 12. Rac1 Bb7 13. Be2 Rc8 14.
Rxc8+ Bxc8 15. Nbd4 Bb7 16. Rc1 Bd6 17. Nc6 O-O 18. Nfd4 g6 19. Bb4 Nc5 20.
Bxc5 Bxc5 21. b4 Bxd4 22. Nxd4 Rd8 23. Rc7 1/2-1/2

[Event "4NCL/Div3/GUI3 vs. ATH"]
[Site "Telford ENG"]
[Date "2004.11.07"]
[Round "2.5"]
[White "Singleton, Michael"]
[Black "Gruettner, Ralf"]
[Result "0-1"]
[WhiteElo "2126"]
[BlackElo "2056"]
[PlyCount "100"]
[EventDate "2004.11.07"]
[SourceDate "2004.09.21"]

1. d4 Nf6 2. c4 g6 3. Nc3 Bg7 4. e4 d6 5. Be2 O-O 6. Bg5 c5 7. d5 e6 8. Qd2
exd5 9. exd5 Re8 10. h3 Nbd7 11. Nf3 a6 12. a4 Qc7 13. O-O Ne5 14. Nxe5 Rxe5
15. Bd3 Re8 16. Rae1 Bd7 17. Rxe8+ Rxe8 18. Re1 Rxe1+ 19. Qxe1 h6 20. Bf4 Ne8
21. b3 Qd8 22. Ne4 Qe7 23. Qe2 Bf8 24. Bd2 Bf5 25. g4 Bxe4 26. Qxe4 Qxe4 27.
Bxe4 Bg7 28. f4 Bd4+ 29. Kg2 Kg7 30. Kf3 f6 31. Ba5 Kf7 32. h4 Ng7 33. Bc2 g5
34. h5 Ke7 35. Bg6 Bb2 36. fxg5 fxg5 37. Ke4 Ne8 38. Bxe8 Kxe8 39. Kf5 Kf7 40.
b4 Bc3 41. bxc5 Bxa5 42. cxd6 Bb4 43. d7 Ba5 44. d6 Bb6 45. c5 Ba5 46. Ke5 Bd8
47. Kf5 Bf6 48. d8=Q Bxd8 49. Ke5 Ba5 50. Kd5 Kf6 0-1

[Event "4NCL/Div3/GUI3 vs. ATH"]
[Site "Telford ENG"]
[Date "2004.11.07"]
[Round "2.6"]
[White "Pedersen, Carsten"]
[Black "Lang, Heather"]
[Result "1-0"]
[WhiteElo "2090"]
[BlackElo "2068"]
[PlyCount "83"]
[EventDate "2004.11.07"]
[SourceDate "2004.09.21"]

1. e4 e5 2. Nc3 Nf6 3. f4 d5 4. fxe5 Nxe4 5. Nf3 Bg4 6. d3 Nxc3 7. bxc3 f6 8.
Qe2 Bxf3 9. gxf3 fxe5 10. Qxe5+ Be7 11. Bg5 Qd6 12. Qxg7 Qe6+ 13. Kf2 Rg8 14.
Qxe7+ Qxe7 15. Bxe7 Kxe7 16. Bh3 Nc6 17. Rae1+ Kf6 18. Re6+ Kf7 19. Rb1 Nd8 20.
Re5 b6 21. Rf5+ Kg7 22. Rxd5 Kh8 23. Rd7 Rg7 24. Re1 Nc6 25. Rxg7 Kxg7 26. Bd7
Na5 27. Re7+ Kg6 28. f4 Rf8 29. f5+ Kg5 30. Rxh7 Nb7 31. Kg3 Nd6 32. h4+ Kf6
33. Kf4 Rg8 34. Rh6+ Ke7 35. Rg6 Rh8 36. Rg7+ Kf6 37. Rg4 Rd8 38. Be6 Nb5 39.
h5 Nxc3 40. Rg6+ Ke7 41. Rg7+ Kf8 42. Rg8+ 1-0

[Event "4NCL/Div3/GUI3 vs. ATH"]
[Site "Telford ENG"]
[Date "2004.11.07"]
[Round "2.7"]
[White "Punnett, Alan K"]
[Black "Gostelow, David W"]
[Result "1/2-1/2"]
[WhiteElo "2113"]
[BlackElo "2065"]
[PlyCount "66"]
[EventDate "2004.11.07"]
[SourceDate "2004.09.21"]

1. e4 c5 2. Nf3 Nc6 3. Bb5 g6 4. Bxc6 dxc6 5. O-O Bg7 6. d3 Qc7 7. Nc3 Bg4 8.
h3 h5 9. Be3 b6 10. Re1 Bxf3 11. Qxf3 Nf6 12. Bf4 e5 13. Bg5 Nh7 14. Bd2 Rd8
15. Qe2 Rd7 16. a4 a5 17. Nd1 O-O {=} 18. Rf1 Qd8 19. b3 Ng5 20. Bxg5 Qxg5 21.
Ne3 f5 22. Nc4 f4 23. Qd2 Qd8 24. Rae1 Kh7 25. f3 Bf6 26. Re2 Rg7 27. Qc3 g5
28. Kf2 g4 29. fxg4 hxg4 30. Ke1 f3 31. gxf3 gxf3 32. Re3 Bh4+ 33. Kd1 f2
1/2-1/2

[Event "4NCL/Div3/GUI3 vs. ATH"]
[Site "Telford ENG"]
[Date "2004.11.07"]
[Round "2.8"]
[White "Ryle, Zoe"]
[Black "Morris, Claire H"]
[Result "0-1"]
[WhiteElo "1525"]
[BlackElo "1910"]
[PlyCount "58"]
[EventDate "2004.11.07"]
[SourceDate "2004.09.21"]

1. e4 e5 2. Nf3 Nc6 3. Bc4 Bc5 4. d3 Nf6 5. Nc3 h6 6. O-O d6 7. Be3 Bxe3 8.
fxe3 Be6 9. Nd5 Ng4 10. Qe1 Qd7 11. Qg3 O-O-O 12. Bb5 a6 13. Bxc6 bxc6 14. Nb4
a5 15. Na6 Kb7 16. Nc5+ dxc5 17. Nxe5 Nxe5 18. Qxe5 Qd6 19. Qc3 Kb6 20. b3 g5
21. e5 Qd5 22. Qd2 Qxe5 23. Rae1 f5 24. Qf2 h5 25. d4 Qe4 26. dxc5+ Kxc5 27. c4
Rd3 28. Qg3 Kb6 29. Qxg5 Rg8 0-1